000 00732nam a22002537a 4500
003 UA-OsUOA
001 51553
007 ta
008 20080111b un ||||| |||| 00| 0 ukr d
100 _aЗлобін Г.Г.
700 _aРикалюк Р.Є.
090 _a004.7(075.8)
_bЗ-68
942 _cBK
040 _aUA-OsUOA
_bukr
_cUA-OsUOA
_dUA-OsUOA
245 _aАрхітектура та апаратне забезпечення ПЕОМ
_bНавч. пос.
300 _a304 с.
955 _a2
041 _aukr
080 _a004.7(075.8)
020 _a966-8019-41-5
260 _aК.
_bКаравела
_c2006
650 7 _a00 Загальні питання науки і культури
_2UDC
999 _c337623
_d337623